000 00598nam a2200169 4500
001 122837
003 ES-MaACL
005 20230906192041.0
007 t|
008 070214s1977 sp r ||||0| spa d
111 2 _aColoquios Históricos de Extremadura (
_cTrujillo (
_d1977) (
_n. 7º)
_9135067
245 1 0 _aPrograma de actos de los VII Coloquios Históricos de Extremadura.
260 _aCáceres :
_bCentro de Iniciativas Turísticas de Trujillo,
_c1977.
300 _a35 p ;
_c24 cm.
710 2 _aCentro de Iniciativas Turísticas (Trujillo)
_92695
852 _aES-MaACL
_j2107-F-21
_bR.96568
999 _c122837
_d122837